La educación activa

Saved in:
Bibliografiske detaljer
Hovedforfatter: Mallart y Cutó, José (autor)
Format: Bog
Sprog:spansk
Udgivet: Barcelona Labor 1928
Serier:Colección Labor. Sección educación, 37
Fag:
Tags: Tilføj Tag
Ingen Tags, Vær først til at tagge denne postø!

MARC

LEADER 00000nam a2200000 a 4500
001 UCW6971
003 CL-VaPUC
008 920730e19280000SP |||||||||||||||||spa|d
082 0 4 |a 370.1  |b MAL  |2 21 
100 |a Mallart y Cutó, José  |e autor  |9 357119 
245 1 3 |a La educación activa 
300 |a 212 p 
942 |c BK 
945 |d 19920730 00:00:00 
260 |a Barcelona  |b Labor  |c 1928 
650 0 |a Filosofía de la educación   |9 258384 
650 0 |a Teoría de la educación   |9 309368 
583 |a last modification  |c 19920730 00:00:00  |k Rodrigo Vera 
490 0 |a Colección Labor. Sección educación, 37 
999 |c 219866  |d 219864 
952 |0 0  |1 0  |4 0  |6 370_100000000000000_MAL_1928  |7 0  |8 P  |9 211339  |a BIBEDU  |b BIBEDU  |c BIBEDU_PB  |d 2019-11-15  |i 2795361  |o 370.1 MAL 1928  |p 2795361  |r 2024-01-25  |w 2019-11-15  |y BK  |k EDU